<?xml version="1.0" encoding="UTF-8"?>
<collection xmlns="http://www.loc.gov/MARC21/slim">
 <record>
  <leader>02020nam a2200217Ia 4500</leader>
  <controlfield tag="001">CTU_91604</controlfield>
  <controlfield tag="008">210402s9999    xx            000 0 und d</controlfield>
  <datafield tag="020" ind1=" " ind2=" ">
   <subfield code="c">38000</subfield>
  </datafield>
  <datafield tag="082" ind1=" " ind2=" ">
   <subfield code="a">915.1</subfield>
  </datafield>
  <datafield tag="082" ind1=" " ind2=" ">
   <subfield code="b">B312</subfield>
  </datafield>
  <datafield tag="100" ind1=" " ind2=" ">
   <subfield code="a">Trương, Tú Bình</subfield>
  </datafield>
  <datafield tag="245" ind1=" " ind2="0">
   <subfield code="a">Những di sản văn hóa nổi tiếng của Trung Quốc</subfield>
  </datafield>
  <datafield tag="245" ind1=" " ind2="0">
   <subfield code="c">Trương Tú Bình; Trịnh Trung Hiểu dịch</subfield>
  </datafield>
  <datafield tag="260" ind1=" " ind2=" ">
   <subfield code="a">Hà Nội</subfield>
  </datafield>
  <datafield tag="260" ind1=" " ind2=" ">
   <subfield code="b">Thế giới</subfield>
  </datafield>
  <datafield tag="260" ind1=" " ind2=" ">
   <subfield code="c">2003</subfield>
  </datafield>
  <datafield tag="520" ind1=" " ind2=" ">
   <subfield code="a">Tập sách này nằm trong tủ sách Cửa sổ nhìn ra thế giới của Nhà xuất bản thế giới, nhằm mục đích đưa đến cho bạn đọc những hiểu biết phần nào về những danh thắng nổi tiếng của đất nước Trung Quốc, từ phong cảnh Bát Đại Lĩnh - Thập Tam Lăng, khu nghỉ mát Bắc Đới Hà - Tần Hoàng Đảo, đến Tây Hồ - Hàng Châu và Đông Hồ - Vũ Hán...Thác Điếu Thuỷ Lân ở đầu Bắc vùng hồ Kính Bạc là thác nước nổi tiếng Trung Quốc. Thác đổ quanh năm, vào mùa hè thu, độ chênh 25 mét, chiều rộng 40 mét, lưu lượng mỗi giây 160 mét khối nước. Như dải ngân hà treo ngược, nước mây mù mịt, tiếng nước dội xuống vang ầm ầm như sấm động, vang xa mấy dặm. Thác đổ xuống vực, vực sâu 60 mét, đường kính 70 mét, nhìn từ xa chẳng khác nào một dải lụa tắng buôn từ trên trời xuống. Theo truyền thuyết, thác Điếu Thuỷ Lân là do tiên nữ Hồng La gieo thoi dệt nên, càng tăng trí tưởng tượng của du khách...</subfield>
  </datafield>
  <datafield tag="650" ind1=" " ind2=" ">
   <subfield code="a">China</subfield>
  </datafield>
  <datafield tag="650" ind1=" " ind2=" ">
   <subfield code="x">Description and travel</subfield>
  </datafield>
  <datafield tag="904" ind1=" " ind2=" ">
   <subfield code="i">Mai Loan</subfield>
  </datafield>
  <datafield tag="980" ind1=" " ind2=" ">
   <subfield code="a">Trung tâm Học liệu Trường Đại học Cần Thơ</subfield>
  </datafield>
 </record>
</collection>
